Riadiaci štýl manažéra pracovnej skupiny bakalárska práca

Saved in:
Bibliographic Details
Main Author: Michalová, Veronika
Corporate Author: Fakulta podnikového manažmentu EU. Katedra manažmentu
Other Authors: Jamnický, Peter
Format: Book
Language:Slovak
Published: Bratislava 2009
Tags: Add Tag
No Tags, Be the first to tag this record!

MARC

LEADER 00000nam$a2200000$$$4500
001 0103269
005 20240320075406.4
041 0 |a slo 
044 |a SK 
245 1 0 |a Riadiaci štýl manažéra pracovnej skupiny  |b bakalárska práca  |c Veronika Michalová ; škol. Peter Jamnický 
264 1 |a Bratislava  |c 2009 
300 |a 33 s. 
100 1 |a Michalová, Veronika 
700 1 |a Jamnický, Peter 
710 2 |a Fakulta podnikového manažmentu EU. Katedra manažmentu